00771nac a22002291u 4500010001700000020002200017035002200039082001300061090001500074100003400089245003900123250003100162260005600193300003700249500002500286504005100311511002800362650002000390942001500410999001500425952010100440 a 2002115319 a0324163681 (pbk.) a(DLC) 200211531900a339bARN c8681d8681 aArnold, Roger A. 10aMacroeconomics /cRoger A. Arnold. a7th ed.bInternational ed. aMason, Ohio :bThomson South-Western,c2004.cc2004. ax, 496 p. :bcol. ill. ;c28 cm. aDistributer: Baccah. aIncludes bibliographical references and index. aCatalogued By: Mahitab. 0aMacroeconomics. cBBk339ARN c8681d8681 00104070aMAINbMAINc1STd2008-03-18ePurchasel0o339ARNp000010663r2025-07-15 00:00:00yBB